000 00311nam a22001337a 4500
008 180831b xxu||||| |||| 00| 0 eng d
020 _a019214183
041 _aeng
080 _a038
100 _a23
101 _aFJA
245 _aThe Oxford Companion to the English Language
_cMcArthur, T
942 _2udc
_cBK
999 _c47419
_d47419